[Event "ISL-chT1 1819"]
[Site "Reykjavik"]
[Date "2018.11.09"]
[Round "2.4"]
[White "Halldorsson, Bragi"]
[Black "Bachmann, Unnar Thor"]
[Result "1-0"]
[WhiteElo "2123"]
[BlackElo "1861"]
[PlyCount "49"]
[EventDate "2018.11.08"]
[EventType "team-tourn"]
[EventRounds "9"]
[EventCountry "ISL"]
[SourceTitle "CBM 187 Extra"]
[Source "ChessBase"]
[SourceDate "2018.11.04"]
[SourceVersion "1"]
[SourceVersionDate "2018.11.04"]
[SourceQuality "1"]
[WhiteTeam "Skakfelagidj Huginn II"]
[BlackTeam "Skakfelagidj Huginn II"]
[WhiteTeamCountry "ISL"]
[BlackTeamCountry "ISL"]

1. d4 Nf6 2. c4 d6 3. Nc3 Nbd7 4. e4 e5 5. Nf3 Be7 6. Be2 0-0 7. 0-0 Re8 8. Qc2 c6 9. h3 Qc7 10. Be3 a6 11. Rad1 b6 12. Nh2 Bb7 13. f4 Bf8 14. Bd3 c5 15. fxe5 dxe5 16. d5 g6 17. Qf2 Bg7 18. Ng4 Rf8 19. Nh6+ Kh8 20. Qh4 Qd6 21. Rf2 Ng8 22. Nxf7+ Rxf7 23. Rxf7 Ngf6 24. Bh6 Bxh6 25. Qxh6 1-0

[Event "ISL-chT2 1718"]
[Site "Reykjavik"]
[Date "2018.03.02"]
[Round "5.4"]
[White "Fivelstad, Jon Olav"]
[Black "Bachmann, Unnar Thor"]
[Result "0-1"]
[WhiteElo "1950"]
[BlackElo "1847"]
[PlyCount "78"]
[EventDate "2017.10.20"]
[EventType "team-tourn"]
[EventRounds "7"]
[EventCountry "ISL"]
[SourceTitle "EXT 2019"]
[Source "ChessBase"]
[SourceDate "2018.10.10"]
[SourceVersion "1"]
[SourceVersionDate "2018.10.10"]
[SourceQuality "1"]
[WhiteTeam "Reykjavik III"]
[BlackTeam "Huginn"]
[WhiteTeamCountry "ISL"]
[BlackTeamCountry "ISL"]

1. c4 e5 2. Nc3 Nc6 3. g3 g6 4. Bg2 Bg7 5. d3 Nge7 6. Nf3 0-0 7. 0-0 d6 8. Rb1 Nd4 9. e3 Nxf3+ 10. Bxf3 c6 11. Qb3 Bf5 12. Rd1 Qd7 13. Ne4 b6 14. Qc2 d5 15. cxd5 cxd5 16. Nc3 Rac8 17. Qe2 b5 18. a3 a5 19. Bd2 Be6 20. Qe1 b4 21. axb4 axb4 22. Ne2 b3 23. Bb4 Rfd8 24. Rdc1 g5 25. Rxc8 Rxc8 26. Nc1 d4 27. exd4 Nd5 28. Ba3 exd4 29. Nxb3 Qb5 30. Nc1 g4 31. Be2 Nf6 32. Bf1 Qf5 33. Qd1 Bd5 34. Bg2 Bf3 35. Ne2 Nd5 36. Rc1 Re8 37. Bxf3 gxf3 38. Nf4 Nxf4 39. Qxf3 Ne2+ 0-1

[Event "Reykjavik-ch"]
[Site "Reykjavik"]
[Date "2012.01.18"]
[Round "5"]
[White "Bachmann, Unnar Thor"]
[Black "Kolka, Dawid"]
[Result "1/2-1/2"]
[WhiteElo "1899"]
[BlackElo "1524"]
[PlyCount "120"]
[EventDate "2012.01.08"]
[EventType "swiss"]
[EventRounds "9"]
[EventCountry "ISL"]
[SourceTitle "EXT 2014"]
[Source "ChessBase"]
[SourceDate "2013.11.20"]
[SourceVersion "1"]
[SourceVersionDate "2013.11.20"]
[SourceQuality "1"]

1. d4 d5 2. c4 c6 3. Nf3 Nf6 4. Nbd2 Bg4 5. e3 Nbd7 6. cxd5 cxd5 7. Qb3 Qb6 8. Qxb6 Nxb6 9. Ne5 Bf5 10. Bb5+ Bd7 11. Bd3 e6 12. Ndf3 Bd6 13. Bd2 Rc8 14. Ke2 Ne4 15. Ba5 f6 16. Bxb6 axb6 17. Nxd7 Kxd7 18. Rhc1 Rxc1 19. Rxc1 Rc8 20. Rxc8 Kxc8 21. h3 Kc7 22. Nd2 Nxd2 23. Kxd2 f5 24. Bb5 Bb4+ 25. Kd3 Be7 26. g4 g6 27. gxf5 gxf5 28. f3 h5 29. a3 h4 30. Be8 Kd8 31. Bb5 Kc7 32. Kc3 Bf6 33. Bd3 Kc6 34. a4 Bg5 35. Bb5+ Kd6 36. Kd3 Bf6 37. b3 Be7 38. Be8 Kc7 39. Bg6 Bb4 40. e4 fxe4+ 41. fxe4 Kd6 42. Bf7 Be1 43. Bh5 Bg3 44. Bg4 Ke7 45. exd5 exd5 46. Bc8 Kd6 47. Bxb7 Ke6 48. Ke3 Kd6 49. Ba6 Ke6 50. Be2 Kd6 51. Bg4 Ke7 52. Bf3 Kd6 53. Bg2 Ke6 54. Kd3 Kd6 55. Bf3 Ke6 56. Bg4+ Ke7 57. Bf5 Kd6 58. Bh7 Ke7 59. Bg8 Kd6 60. Ke2 Bf4 1/2-1/2

[Event "ISL-chT2 1011"]
[Site "Reykjavik"]
[Date "2010.10.08"]
[Round "1.2"]
[White "Bachmann, Unnar Thor"]
[Black "Kristinsson, Bjarni Jens"]
[Result "1-0"]
[WhiteElo "1925"]
[BlackElo "2062"]
[PlyCount "77"]
[EventDate "2010.10.08"]
[EventType "team"]
[EventRounds "7"]
[EventCountry "ISL"]
[SourceTitle "EXT 2014"]
[Source "ChessBase"]
[SourceDate "2013.11.20"]
[SourceVersion "1"]
[SourceVersionDate "2013.11.20"]
[SourceQuality "1"]

1. d4 d5 2. c4 c6 3. Nf3 Nf6 4. Nbd2 Bf5 5. cxd5 cxd5 6. Qb3 Qc7 7. e3 a6 8. Ne5 Nc6 9. Ndf3 Na5 10. Qc3 Qxc3+ 11. bxc3 Ne4 12. Ba3 f6 13. Bb4 b6 14. Bxa5 bxa5 15. Nc6 Nxc3 16. Nxa5 e6 17. a3 Nb1 18. Be2 Nxa3 19. 0-0 Nc2 20. Ra4 g5 21. Rc1 Kd7 22. Nb7 Kc6 23. Nc5 Bxc5 24. dxc5 a5 25. Bd1 Kb5 26. Bxc2 Bxc2 27. Ra2 Bf5 28. Nd4+ Ka6 29. c6 Rhc8 30. c7 Ra7 31. Rc6+ Kb7 32. Rb2+ Ka8 33. Nb5 a4 34. Nxa7 Kxa7 35. Rb4 Bd3 36. Rc5 Ka6 37. Rb8 a3 38. Rxc8 Ka7 39. Ra8+ 1-0